| 000 | 00378nam a2200109Ia 4500 | ||
|---|---|---|---|
| 008 | 200302s9999 xx 000 0 und d | ||
| 100 | _aNicolas Le Camys De Mezieres | ||
| 245 | _aThe Genius Of Architecture ; Or The Analogy Of That Art With Oir Sensations | ||
| 260 | _bThe Getty Center, For the History of Art and The Humaities,Santa Monica,USA | ||
| 260 | _c1992 | ||
| 300 | _a222 P | ||
| 999 |
_c4911 _d4911 |
||